000 01000nam a2200265 4500
001 3141236
003 OSt
005 20220304132934.0
008 731219s1974 maua b 001 0 eng
020 _a039547082X
040 _aDLC
_cLC
_dDLC
043 _af------
050 0 0 _aDT19.8.B95
100 _qBurke, Fred
245 1 0 _aAfrica. /
_cFred Burke.
250 _aRev. ed.
260 _aBoston:
_bHoughton Mifflin,
_c1991.
300 _axii, 308 p.
_billus.
_c21 cm.
490 0 _aWorld regional studies
504 _aIncludes bibliography: p. 297-288 and index.
505 _aContents: Introduction -- The land and peoples of Africa -- Early civilizations north of the Sudan -- West African civilizations south of the Sahara -- Patterns of change in sub-equatorial Africa -- Patterns of trade -- Conquest and colonial rule -- Africa nation-building -- Africa in transition --
651 0 _aAfrica
_xHistory.
906 _a7
_bcbc
_corignew
_d2
_eocip
_f19
_gy-gencatlg
942 _2lcc
_cBK
999 _c8904
_d16404